000 00615nam a2200193 i 4500
001 bg
245 0 _aFlexibilitat in der Konstruktion durch Getriebe und Mechanismen :
_bVDI-Getriebekolloquium 1983, Tagung Hannove, 6. und 7. Oktober 1983.
260 _aDusseldorf :
_bVDI-VERL. GmbH,
_c1983.
300 _aIV, 146 s. :
_bil., rys., wykr. ;
_c30 cm.
490 1 _aVDI-Berichte,
_x0083-5560 ;
_v489
830 _aVDI-Berichte,
_x0083-5560 ;
020 _a3180904895
040 _cBPK
041 _apol
080 _a621.82
920 _a3-18-090489-5
942 _cKS
008 s pl f |000 0 pol
999 _c23707
_d23707
856 _uhttp://koha.tu.koszalin.pl/cgi-bin/koha/opac-detail.pl?biblionumber=23707
_yKatalog online BPK